00479nam a2200121Ia 4500008004100000100002100041245007500062245004300137260000900180856007600189999001900265952007300284160531s9999 xx 000 0 und d aWoolf, Steven H. aU.S. Health in International Perspective: Shorter Lives, Poorer Health cby Steven H. Woolf, Laudan Aron (eds.) c2013 uhttp://www.ncbi.nlm.nih.gov/books/NBK115854/pdf/Bookshelf_NBK115854.pdf c295408d295408 001040aCLbCLd2016-05-31l0r2016-05-31 00:00:00w2016-05-31yCBE